| 000 | 00375nam a22001457a 4500 | ||
|---|---|---|---|
| 999 |
_c3462 _d3462 |
||
| 008 | 200616b ||||| |||| 00| 0 eng d | ||
| 041 | 0 | _aeng | |
| 100 |
_aGeorge, P. J. _92849 |
||
| 245 | 1 | 0 |
_aA primer on WIT, wisdom and health / _cby P. J. George |
| 250 | _a1st ed. | ||
| 260 |
_aNew Delhi : _bISTE, _c1997. |
||
| 300 | _a66 p. | ||
| 650 | 0 | _aTechnical Education | |
| 942 | _cBK | ||